Sesión inaugural del curso 1946-1947 (Record no. 22629)

MARC details
000 -LEADER
campo de control de longitud fija 00809nam a2200205 i 4500
001 - NÚMERO DE CONTROL
campo de control 22629
003 - IDENTIFICADOR DE NÚMERO DE CONTROL
campo de control ES-MaACL
005 - FECHA Y HORA DE LA ÚLTIMA TRANSACCIÓN
campo de control 20251113182103.0
007 - CAMPO FIJO DE DESCRIPCIÓN FÍSICA--INFORMACIÓN GENERAL
campo de control de longitud fija t|
008 - DATOS DE LONGITUD FIJA--INFORMACIÓN GENERAL
campo de control de longitud fija 021203s1946 sp ||||1| spa d
100 1# - ENTRADA PRINCIPAL--NOMBRE DE PERSONA
Nombre de persona Alonso Muñoyerro Pretel, Antonio.
9 (RLIN) 20369
245 10 - MENCIÓN DEL TÍTULO
Título Sesión inaugural del curso 1946-1947
Resto del título : memoria de Secretaría /
Mención de responsabilidad, etc. por Antonio Alonso Muñoyerro Pretel. Discurso inaugurado sobre "El niño en la clínica quirúrgica" / por Juan Garrido Lestache Díaz.
260 ## - PUBLICACIÓN, DISTRIBUCIÓN, ETC.
Lugar de publicación, distribución, etc. Madrid :
Nombre del editor, distribuidor, etc. [s.n.,
Fecha de publicación, distribución, etc. 1946] (
Fabricante Gráficas Valera)
300 ## - DESCRIPCIÓN FÍSICA
Extensión 57 p. ;
Dimensiones 25 cm.
700 1# - ENTRADA AGREGADA--NOMBRE PERSONAL
Nombre de persona Garrido Lestache, Juan,
Fechas asociadas al nombre n. 1891
9 (RLIN) 55710
710 2# - ENTRADA AGREGADA--NOMBRE DE ENTIDAD CORPORATIVA
Nombre de entidad corporativa o nombre de jurisdicción como elemento de entrada Sociedad de Pediatría de Madrid.
9 (RLIN) 6689
740 3# - ENTRADA AGREGADA--TÍTULO RELACIONADO/ANALÍTICO NO CONTROLADO
Título relacionado o analítico no controlado El niño en la clínica quirúrgica.
852 ## - LOCALIZACIÓN
Ubicación ES-MaACL
Número de control de estantería 1858-F-16
Sublocalización o colección R.23115
Holdings
Estatus retirado Estado de pérdida Estado de daño No para préstamo Colección Biblioteca de origen Biblioteca actual Ubicación en estantería Fecha de adquisición Fuente de adquisición Total de préstamos Signatura topográfica completa Código de barras Visto por última vez Precio de reemplazo Tipo de ítem Koha
        Colección de folletos Biblioteca del Ateneo de Madrid Biblioteca del Ateneo de Madrid Depósito folletos 17/01/2008     1858-F-16 1023297 23/02/2023 23/02/2023 Folleto